<?xml version="1.0" encoding="UTF-8"?>
<record
    xmlns:xsi="http://www.w3.org/2001/XMLSchema-instance"
    xsi:schemaLocation="http://www.loc.gov/MARC21/slim http://www.loc.gov/standards/marcxml/schema/MARC21slim.xsd"
    xmlns="http://www.loc.gov/MARC21/slim">

  <leader>02845njm a2200493Ia 4500</leader>
  <controlfield tag="001">27628</controlfield>
  <controlfield tag="003">IT-RoPAU</controlfield>
  <controlfield tag="005">20220918181118.0</controlfield>
  <controlfield tag="008">131025s9999    xx            000 0 und d</controlfield>
  <datafield tag="040" ind1=" " ind2=" ">
    <subfield code="a">IT-RoPAU</subfield>
  </datafield>
  <datafield tag="040" ind1=" " ind2=" ">
    <subfield code="c">IT-RoPAU</subfield>
  </datafield>
  <datafield tag="041" ind1=" " ind2=" ">
    <subfield code="a">INGLESE</subfield>
  </datafield>
  <datafield tag="999" ind1=" " ind2=" ">
    <subfield code="c">99563</subfield>
    <subfield code="d">99563</subfield>
  </datafield>
  <datafield tag="999" ind1=" " ind2=" ">
    <subfield code="b">n.d.</subfield>
  </datafield>
  <datafield tag="100" ind1=" " ind2=" ">
    <subfield code="a">AA.VV.</subfield>
    <subfield code="9">794</subfield>
  </datafield>
  <datafield tag="100" ind1=" " ind2=" ">
    <subfield code="e">Autore musica</subfield>
    <subfield code="9">18753</subfield>
  </datafield>
  <datafield tag="100" ind1=" " ind2=" ">
    <subfield code="g">Codice autore musica SPICS: 12000</subfield>
    <subfield code="9">796</subfield>
  </datafield>
  <datafield tag="245" ind1=" " ind2=" ">
    <subfield code="a">Cocker</subfield>
  </datafield>
  <datafield tag="250" ind1=" " ind2=" ">
    <subfield code="a">1a ed.</subfield>
  </datafield>
  <datafield tag="260" ind1=" " ind2=" ">
    <subfield code="a">USA</subfield>
  </datafield>
  <datafield tag="260" ind1=" " ind2=" ">
    <subfield code="b">CAPITOL RECORDS</subfield>
    <subfield code="c">1986 [1a Ed.:1986 - Ed. Lingua Orig.: 1986]</subfield>
  </datafield>
  <datafield tag="300" ind1=" " ind2=" ">
    <subfield code="a">DISCO</subfield>
  </datafield>
  <datafield tag="300" ind1=" " ind2=" ">
    <subfield code="c">47 minuti (Testo:  pag.)</subfield>
  </datafield>
  <datafield tag="500" ind1=" " ind2=" ">
    <subfield code="a">Musica pop</subfield>
  </datafield>
  <datafield tag="505" ind1=" " ind2=" ">
    <subfield code="a">Shelter Me (6:00) - A To Z (5:00) - Don't You Love Me Anymore (6:00) - Living Without Your Love (5:00) - Don't Drink the Water (4:00) - You Can Leave Your Hat On (5:00) - Heart of the Matter (5:00) - Inner City Blues (6:00) - Love Is On A Fade (5:00) - Heaven (5:00)</subfield>
  </datafield>
  <datafield tag="650" ind1=" " ind2=" ">
    <subfield code="a">POP [DISCHI]</subfield>
    <subfield code="e">Codice MATERIA SPICS: 9950</subfield>
    <subfield code="9">1001</subfield>
  </datafield>
  <datafield tag="700" ind1=" " ind2=" ">
    <subfield code="a">Cocker Joe</subfield>
    <subfield code="g">Codice interprete SPICS: 10157</subfield>
    <subfield code="e">Interprete</subfield>
    <subfield code="9">18754</subfield>
  </datafield>
  <datafield tag="700" ind1=" " ind2=" ">
    <subfield code="a">Di Stefano Nick</subfield>
    <subfield code="g">Codice autore musica SPICS: 28387</subfield>
    <subfield code="e">Autore musica</subfield>
    <subfield code="p">Shelter Me</subfield>
    <subfield code="9">18755</subfield>
  </datafield>
  <datafield tag="700" ind1=" " ind2=" ">
    <subfield code="a">Kimmel Tom</subfield>
    <subfield code="g">Codice autore musica SPICS: 22342</subfield>
    <subfield code="e">Autore musica</subfield>
    <subfield code="p">A To Z</subfield>
    <subfield code="9">18756</subfield>
  </datafield>
  <datafield tag="700" ind1=" " ind2=" ">
    <subfield code="a">Hammond A.</subfield>
    <subfield code="g">Codice autore musica SPICS: 14448</subfield>
    <subfield code="e">Autore musica</subfield>
    <subfield code="p">Don't You Love Me Anymore</subfield>
    <subfield code="9">18757</subfield>
  </datafield>
  <datafield tag="700" ind1=" " ind2=" ">
    <subfield code="a">Warren Dianne</subfield>
    <subfield code="g">Codice autore testo/musica SPICS: 28388</subfield>
    <subfield code="e">Autore testo/musica</subfield>
    <subfield code="p">Don't You Love Me Anymore</subfield>
    <subfield code="9">18758</subfield>
  </datafield>
  <datafield tag="700" ind1=" " ind2=" ">
    <subfield code="a">James D.</subfield>
    <subfield code="g">Codice autore musica SPICS: 28389</subfield>
    <subfield code="e">Autore musica</subfield>
    <subfield code="p">Living Without Your Love</subfield>
    <subfield code="9">18759</subfield>
  </datafield>
  <datafield tag="700" ind1=" " ind2=" ">
    <subfield code="a">Bolton M.</subfield>
    <subfield code="g">Codice autore testo/musica SPICS: 28390</subfield>
    <subfield code="e">Autore testo/musica</subfield>
    <subfield code="p">Living Without Your Love</subfield>
    <subfield code="9">18760</subfield>
  </datafield>
  <datafield tag="700" ind1=" " ind2=" ">
    <subfield code="a">Robinson Peter</subfield>
    <subfield code="g">Codice autore musica SPICS: 1980</subfield>
    <subfield code="e">Autore musica</subfield>
    <subfield code="p">Don't Drink the Water</subfield>
    <subfield code="9">18761</subfield>
  </datafield>
  <datafield tag="700" ind1=" " ind2=" ">
    <subfield code="a">Feldman R.</subfield>
    <subfield code="g">Codice autore testo/musica SPICS: 28391</subfield>
    <subfield code="e">Autore testo/musica</subfield>
    <subfield code="p">Don't Drink the Water</subfield>
    <subfield code="9">18762</subfield>
  </datafield>
  <datafield tag="700" ind1=" " ind2=" ">
    <subfield code="a">Newman Randy</subfield>
    <subfield code="g">Codice autore testo/musica SPICS: 8094</subfield>
    <subfield code="e">Autore testo/musica</subfield>
    <subfield code="p">You Can Leave Your Hat On</subfield>
    <subfield code="9">18763</subfield>
  </datafield>
  <datafield tag="700" ind1=" " ind2=" ">
    <subfield code="a">Aerts B.</subfield>
    <subfield code="g">Codice autore musica SPICS: 28392</subfield>
    <subfield code="e">Autore musica</subfield>
    <subfield code="p">Heart of the Matter</subfield>
    <subfield code="9">18764</subfield>
  </datafield>
  <datafield tag="700" ind1=" " ind2=" ">
    <subfield code="a">Miller R.</subfield>
    <subfield code="g">Codice autore testo/musica SPICS: 28393</subfield>
    <subfield code="e">Autore testo/musica</subfield>
    <subfield code="p">Heart of the Matter</subfield>
    <subfield code="9">18765</subfield>
  </datafield>
  <datafield tag="700" ind1=" " ind2=" ">
    <subfield code="a">Nyx J.</subfield>
    <subfield code="g">Codice autore musica SPICS: 28394</subfield>
    <subfield code="e">Autore musica</subfield>
    <subfield code="p">Inner City Blues</subfield>
    <subfield code="9">18766</subfield>
  </datafield>
  <datafield tag="700" ind1=" " ind2=" ">
    <subfield code="a">Gaye Marvin</subfield>
    <subfield code="g">Codice autore testo/musica SPICS: 28395</subfield>
    <subfield code="e">Autore testo/musica</subfield>
    <subfield code="p">Inner City Blues</subfield>
    <subfield code="9">18767</subfield>
  </datafield>
  <datafield tag="700" ind1=" " ind2=" ">
    <subfield code="a">Morgan Deborah</subfield>
    <subfield code="g">Codice autore musica SPICS: 24264</subfield>
    <subfield code="e">Autore musica</subfield>
    <subfield code="p">Love Is On A Fade</subfield>
    <subfield code="9">18768</subfield>
  </datafield>
  <datafield tag="700" ind1=" " ind2=" ">
    <subfield code="a">Davis S.A.</subfield>
    <subfield code="g">Codice autore testo/musica SPICS: 28396</subfield>
    <subfield code="e">Autore testo/musica</subfield>
    <subfield code="p">Love Is On A Fade</subfield>
    <subfield code="9">18769</subfield>
  </datafield>
  <datafield tag="700" ind1=" " ind2=" ">
    <subfield code="a">Manning Terry</subfield>
    <subfield code="g">Codice autore testo/musica SPICS: 28397</subfield>
    <subfield code="e">Autore testo/musica</subfield>
    <subfield code="p">Heaven</subfield>
    <subfield code="9">18770</subfield>
  </datafield>
  <datafield tag="942" ind1=" " ind2=" ">
    <subfield code="c">MD</subfield>
    <subfield code="2">ddc</subfield>
  </datafield>
  <datafield tag="952" ind1=" " ind2=" ">
    <subfield code="0">0</subfield>
    <subfield code="1">0</subfield>
    <subfield code="4">0</subfield>
    <subfield code="6">27628_000000000000000</subfield>
    <subfield code="7">1</subfield>
    <subfield code="a">SPICS</subfield>
    <subfield code="b">SPICS</subfield>
    <subfield code="d">2013-10-25</subfield>
    <subfield code="l">0</subfield>
    <subfield code="o">27628</subfield>
    <subfield code="r">2013-10-25 00:00:00</subfield>
    <subfield code="w">2013-10-25</subfield>
    <subfield code="y">MD</subfield>
    <subfield code="z">Progr. Ins.: 7181 / N.Vol.: 1 / Copie: 1 - Copia rara: n.d. / date import: 01.01.2014 - By Epidotti, Trombetti, Vaglietti</subfield>
  </datafield>
</record>
